The whip (Record no. 10682)
[ view plain ]
| 000 -LEADER | |
|---|---|
| fixed length control field | 00303nam a22001217a 4500 |
| 050 ## - LIBRARY OF CONGRESS CALL NUMBER | |
| Classification Number | PR 6053 |
| Item Number | .O52 C6 |
| 100 ## - MAIN ENTRY--Author | |
| Personal name | Cookson, Catherine |
| 245 ## - TITLE | |
| Title | The whip |
| 260 ## - PUBLICATION, DISTRIBUTION, ETC.(IMPRINT) | |
| Place of publication, distribution, etc | NewyorkP: |
| Name of publisher, distributor, etc | Summit books, |
| Date of publication, distribution, etc | 1983. |
| 300 ## - PHYSICAL DESCRIPTION | |
| Extent | 370p. |
| 650 ## - SUBJECT--TOPIC | |
| Topical term following geographic name as entry element | Great Britain |
| Form subdivision | Working class |
| General subdivision | Families |
| 942 ## - ADDED ENTRY ELEMENTS(KOHA) | |
| Source of classification or shelving scheme | Library of Congress Classification |
| Koha item type | General circulation |
| Source of classification or shelving scheme | Not for loan | Location (home branch) | Sublocation (holding branch) | Shelving location | Date accessioned | Full call number | Barcode | Nonpublic note | Koha item type |
|---|---|---|---|---|---|---|---|---|---|
| Library of Congress Classification | Mtito Andei Centre Library | Mtito Andei Centre Library | 10/02/2016 | PR 6053 .O52 C6 | 2015/008960 | jm | General circulation |